[Event "Titled Tue 10th Jun Late"]
[Site "chess.com INT"]
[Date "2025.06.10"]
[Round "8"]
[White "Uyanga, Byambaa"]
[Black "Varela La Madrid, Maria"]
[Result "1-0"]
[WhiteTitle "WFM"]
[BlackTitle "WFM"]
[WhiteElo "2006"]
[BlackElo "1981"]
[WhiteFideId "2054906"]
[BlackFideId "3903346"]
[EventDate "2025.06.10"]

1. e4 c5 2. Nf3 Nc6 3. d4 cxd4 4. Nxd4 Nf6 5. Nc3 d6 6. f3 a6 7. Be3 Bd7 8. Bc4
e6 9. Bb3 b5 10. g4 Rc8 11. g5 Nh5 12. Qd2 Be7 13. O-O-O b4 14. Nce2 a5 15. Ng3
Nxd4 16. Qxd4 Nxg3 17. hxg3 Bxg5 18. f4 Bf6 19. Qxd6 a4 20. Bb6 Qe7 21. Qxd7+
Qxd7 22. Rxd7 axb3 23. Ra7 Rxc2+ 24. Kd1 O-O 25. axb3 Rxb2 26. Rh5 Rxb3 27. e5
Bd8 28. Bc5 Re8 29. Rd7 Rxg3 30. Bxb4 Bb6 31. Bd2 Rd8 32. Rxd8+ Bxd8 33. Rh2 Be7
34. Rf2 g5 35. Re2 gxf4 36. Bxf4 Bf6 37. Bxg3 Bg7 38. Bf4 h5 39. Rg2 Kh7 40. Rh2
Kg6 41. Ke2 Kf5 42. Kf3 1-0

[Event "Titled Tue 10th Jun Late"]
[Site "chess.com INT"]
[Date "2025.06.10"]
[Round "8"]
[White "Drygalov, Sergey"]
[Black "Yeganegi, Barad"]
[Result "0-1"]
[WhiteTitle "GM"]
[BlackTitle "FM"]
[WhiteElo "2560"]
[BlackElo "2400"]
[WhiteFideId "24171743"]
[BlackFideId "42516340"]
[EventDate "2025.06.10"]

1. d4 d5 2. c4 c6 3. Nf3 Nf6 4. Nc3 g6 5. cxd5 cxd5 6. Bf4 Bg7 7. e3 O-O 8. Be2
Nc6 9. O-O a6 10. Rc1 Bd7 11. Qb3 Na5 12. Qb4 b5 13. Ne5 Nc4 14. Nxc4 dxc4 15.
Bf3 a5 16. Qc5 Rc8 17. Qa7 b4 18. Nd5 Nxd5 19. Bxd5 Bb5 20. Qb7 Qe8 21. Rfe1 e6
22. Bf3 e5 23. Bg3 exd4 24. exd4 Qd7 25. Qxd7 Bxd7 26. Re7 Be6 27. d5 Bxb2 28.
Rc2 Bf6 29. Rc7 Rxc7 30. Bxc7 Bf5 31. Rxc4 Rc8 32. d6 Be6 33. Rc2 a4 34. Bb7 Rf8
35. Be4 b3 36. axb3 axb3 37. Rd2 b2 38. d7 Bxd7 39. Rxd7 Re8 40. f3 Rxe4 0-1

[Event "Titled Tue 10th Jun Late"]
[Site "chess.com INT"]
[Date "2025.06.10"]
[Round "8"]
[White "Asish Panda"]
[Black "Pullela, Sricharan"]
[Result "1-0"]
[WhiteElo "1911"]
[BlackElo "2144"]
[WhiteFideId "45012458"]
[BlackFideId "30951089"]
[EventDate "2025.06.10"]

1. e4 c5 2. Nf3 Nc6 3. Bb5 e6 4. O-O Nge7 5. c3 a6 6. Ba4 b5 7. Bc2 Bb7 8. d4
cxd4 9. Nxd4 Ng6 10. a4 Nxd4 11. cxd4 b4 12. Be3 d5 13. e5 Be7 14. f4 O-O 15. g3
a5 16. h4 Ba6 17. Rf2 Re8 18. h5 Nf8 19. f5 exf5 20. Bxf5 g6 21. Bc2 Bg5 22. Qf3
Ra7 23. Nd2 Bxe3 24. Qxe3 Ne6 25. Nf3 Rc7 26. Raf1 Ree7 27. hxg6 hxg6 28. Bd3
Bxd3 29. Qxd3 Rc4 30. Qe3 Qb6 31. Rd1 b3 32. Rh2 Rc2 33. Rdd2 Rxd2 34. Qxd2 Nf8
35. Qh6 f6 36. Qh8+ Kf7 37. exf6 Qxf6 38. Ne5+ Ke6 39. Qg8+ Kd6 40. Rf2 Qg5 41.
Qxf8 Qxg3+ 42. Kf1 Qh3+ 43. Ke2 Qh5+ 44. Kd2 Qg5+ 45. Kd3 Qg3+ 46. Rf3 Qe1 47.
Rf6+ 1-0

[Event "Titled Tue 10th Jun Late"]
[Site "chess.com INT"]
[Date "2025.06.10"]
[Round "8"]
[White "Movahed, Sina"]
[Black "Sjugirov, Sanan"]
[Result "1-0"]
[WhiteTitle "GM"]
[BlackTitle "GM"]
[WhiteElo "2544"]
[BlackElo "2635"]
[WhiteFideId "42520835"]
[BlackFideId "4189302"]
[EventDate "2025.06.10"]

1. e4 c5 2. Nf3 Nc6 3. Nc3 d6 4. d4 cxd4 5. Nxd4 Nf6 6. Bg5 e6 7. Qd2 a6 8. Nxc6
bxc6 9. O-O-O Be7 10. Bxf6 gxf6 11. Bc4 Rb8 12. Rhe1 O-O 13. Re3 Kh8 14. Rh3 Rg8
15. Qh6 Rg7 16. Rdd3 f5 17. f4 d5 18. exf5 exf5 19. Rdg3 Qg8 20. Bxd5 cxd5 21.
Nxd5 Rb7 22. Qc6 Rd7 23. Rxg7 Qxg7 24. Nxe7 Rd8 25. Qc3 Be6 26. Qxg7+ Kxg7 27.
b3 Rd4 28. Rf3 Re4 29. Nc6 Re2 30. Nd4 Rxg2 31. Rg3+ Rxg3 32. hxg3 Bd7 33. Kd2
Kf6 34. c4 Ke7 35. Ke3 Kd6 36. Kd3 Kc5 37. Kc3 Kd6 38. b4 1-0

[Event "Titled Tue 10th Jun Late"]
[Site "chess.com INT"]
[Date "2025.06.10"]
[Round "8"]
[White "Martinez Alcantara, Jose Eduardo"]
[Black "Saidov, Bilukhadzh"]
[Result "1-0"]
[WhiteTitle "GM"]
[BlackTitle "FM"]
[WhiteElo "2611"]
[BlackElo "2309"]
[WhiteFideId "3805662"]
[BlackFideId "34165476"]
[EventDate "2025.06.10"]

1. c4 e6 2. Nf3 d5 3. g3 Nf6 4. Bg2 c5 5. O-O Nc6 6. d3 Be7 7. Nc3 d4 8. Na4 O-O
9. e4 e5 10. Ne1 a6 11. b3 Ne8 12. f4 b5 13. Nb2 Nd6 14. Nf3 f6 15. Bd2 Rb8 16.
Rc1 bxc4 17. Nxc4 Nxc4 18. Rxc4 Be6 19. Rc1 a5 20. Nh4 a4 21. bxa4 Bxa2 22. Nf5
Re8 23. Qc2 Bb3 24. Nxe7+ Qxe7 25. Qxc5 Qxc5 26. Rxc5 Bxa4 27. Bh3 Re7 28. Ra1
Bb5 29. Rac1 Rb6 30. Rxb5 Rxb5 31. Rxc6 Rb2 32. Bc1 Rb1 33. Kf2 Ra7 34. fxe5
fxe5 35. Be6+ Kf8 36. Bg5 Rb8 37. Bc4 h6 38. Bh4 g5 39. Rxh6 Rb2+ 40. Kf3 gxh4
41. Rxh4 Ra1 42. Kg4 Rf1 43. Rh5 Kg7 44. h3 Rg2 45. Rxe5 Rfg1 46. Rg5+ Kf6 47.
e5+ Ke7 48. Kf4 Rf2+ 49. Ke4 Re2+ 50. Kxd4 Reg2 51. g4 Rg3 52. Rg7+ Kf8 53. Rf7+
Ke8 54. e6 Rxh3 55. Bb5+ 1-0

[Event "Titled Tue 10th Jun Late"]
[Site "chess.com INT"]
[Date "2025.06.10"]
[Round "8"]
[White "Niemann, Hans Moke"]
[Black "Lazavik, Denis"]
[Result "0-1"]
[WhiteTitle "GM"]
[BlackTitle "GM"]
[WhiteElo "2736"]
[BlackElo "2580"]
[WhiteFideId "2093596"]
[BlackFideId "13515110"]
[EventDate "2025.06.10"]

1. e4 c5 2. Nf3 Nc6 3. Bb5 e6 4. c3 d5 5. d3 Bd7 6. Qe2 Nf6 7. e5 Nxe5 8. Nxe5
Bxb5 9. c4 Bd7 10. Bg5 Be7 11. Nd2 O-O 12. O-O h6 13. Bh4 Be8 14. Rfe1 Rc8 15.
Rad1 d4 16. f4 Nd7 17. Bxe7 Qxe7 18. Rf1 f6 19. Nxd7 Bxd7 20. Rde1 Rce8 21. Qh5
b6 22. Qf3 Kh8 23. a3 a5 24. Re2 Bc8 25. Qh5 Qf7 26. Qh4 Bb7 27. Ne4 Bxe4 28.
Rxe4 Qg6 29. a4 Kh7 30. Rfe1 e5 31. Qh3 exf4 32. Qf3 f5 33. Re5 Rxe5 34. Rxe5
Re8 35. Qxf4 Rxe5 36. Qxe5 f4 37. Qe2 Qf5 38. Kf2 h5 39. h3 Kh6 40. Ke1 g6 41.
Kd2 Qf6 42. Qe8 Kg5 43. Qe4 Kh6 44. Qe8 f3 45. gxf3 Qxf3 46. Qh8+ Kg5 47. Qd8+
Qf6 48. h4+ Kf5 49. Qd5+ Kg4 50. Qe4+ Qf4+ 0-1

[Event "Titled Tue 10th Jun Late"]
[Site "chess.com INT"]
[Date "2025.06.10"]
[Round "8"]
[White "Panin, Mikhail"]
[Black "Risteski, Emil"]
[Result "1-0"]
[WhiteTitle "CM"]
[BlackTitle "IM"]
[WhiteElo "2255"]
[BlackElo "2374"]
[WhiteFideId "34164992"]
[BlackFideId "15005267"]
[EventDate "2025.06.10"]

1. Nf3 g6 2. e4 Bg7 3. d4 c6 4. c4 d6 5. Nc3 Nf6 6. h3 O-O 7. Be2 e5 8. Be3 Qe7
9. d5 Na6 10. Nd2 h5 11. Rb1 Nh7 12. O-O c5 13. a3 Bf6 14. Nf3 Ng5 15. Qd2 Nxf3+
16. Bxf3 Bg7 17. b4 b6 18. Kh2 Kh7 19. g3 Bd7 20. h4 Rfc8 21. b5 Nc7 22. Bg2 a6
23. a4 axb5 24. axb5 Ra5 25. Ra1 Rca8 26. Rxa5 Rxa5 27. Qb2 Qd8 28. Ra1 Qa8 29.
Ra2 Bh6 30. Bxh6 Kxh6 31. Qa1 Rxa2 32. Qxa2 Qxa2 33. Nxa2 f5 34. Nc3 Na8 35. Bh3
Kg7 36. f4 Kf6 37. Kg2 Nc7 38. Na4 Na8 39. Kf2 Bc8 40. Ke3 Bd7 41. Nc3 Bc8 42.
Na4 Bd7 43. Nb2 Be8 44. fxe5+ dxe5 45. Na4 Bd7 46. Kf2 Be8 47. Nc3 Bd7 48. Bg2
Ke7 49. exf5 gxf5 50. d6+ Kxd6 51. Bxa8 e4 52. Ke3 Ke5 53. Nd5 Be6 54. Nxb6 Bf7
55. Bd5 Be8 56. Na4 Bxb5 57. cxb5 Kxd5 58. Nc3+ Kd6 59. Kf4 Ke6 60. b6 1-0

[Event "Titled Tue 10th Jun Late"]
[Site "chess.com INT"]
[Date "2025.06.10"]
[Round "8"]
[White "Davtyan, Artur"]
[Black "Kilic, Eray"]
[Result "1/2-1/2"]
[WhiteTitle "IM"]
[BlackTitle "IM"]
[WhiteElo "2472"]
[BlackElo "2474"]
[WhiteFideId "13308327"]
[BlackFideId "44517173"]
[EventDate "2025.06.10"]

1. d4 Nf6 2. c4 e6 3. Nc3 d5 4. cxd5 exd5 5. Bg5 Bb4 6. e3 h6 7. Bxf6 Qxf6 8.
Qb3 c5 9. dxc5 Bxc3+ 10. Qxc3 Qxc3+ 11. bxc3 Nd7 12. Rd1 Nf6 13. Nf3 Bd7 14. c4
dxc4 15. Bxc4 Ke7 16. Ne5 Be6 17. Bxe6 Kxe6 18. Nd3 Rac8 19. Rc1 Rhd8 20. Ke2
Nd5 21. Rhd1 g5 22. Rc4 f5 23. Rdc1 Ne7 24. h4 Nc6 25. hxg5 hxg5 26. Nb4 Ne5 27.
R4c3 a5 28. Nc2 Nc6 29. Rb1 Rd7 30. Rb6 Kf7 31. Na3 Nb4 32. Nc4 Nd5 33. Ne5+ Ke7
34. Nxd7 Nxc3+ 35. Kd3 Ne4 36. Rxb7 Rd8 37. Kc2 Ke6 38. Nb6 Rd2+ 39. Kc1 Rxf2
40. c6 Rf1+ 41. Kc2 Rf2+ 42. Kc1 Rf1+ 43. Kb2 Rf2+ 44. Kc1 1/2-1/2

[Event "Titled Tue 10th Jun Late"]
[Site "chess.com INT"]
[Date "2025.06.10"]
[Round "8"]
[White "Askarov, Bakhtiyar"]
[Black "Bulgak, Damir"]
[Result "0-1"]
[WhiteTitle "IM"]
[WhiteElo "2297"]
[BlackElo "2213"]
[WhiteFideId "13701100"]
[BlackFideId "13528882"]
[EventDate "2025.06.10"]

1. d4 Nf6 2. Nf3 e6 3. g3 d5 4. Bg2 Be7 5. O-O O-O 6. c4 Nbd7 7. c5 c6 8. Nc3 b6
9. b4 a5 10. b5 cxb5 11. c6 Nb8 12. Ne5 Ba6 13. Bf4 Nh5 14. Nxf7 Qe8 15. Nd6
Qxc6 16. Nxd5 exd5 17. Rc1 Qd7 18. Bxd5+ Kh8 19. Rc7 Qd8 20. Rxe7 Qxe7 21. Be5
Ra7 22. e4 Nf6 23. Nf5 Qd8 24. Be6 Nbd7 25. Bd6 Re8 26. d5 Nxe4 27. Qg4 Ndf6 28.
Qf4 Nxd6 29. Nxd6 Rf8 30. Qe5 Qe7 31. Rc1 Rc7 32. Re1 b4 33. Nf5 Qc5 34. h4 Bb7
35. Rd1 Rd8 36. h5 Bxd5 37. h6 Re8 38. hxg7+ Rxg7 39. Qxf6 Qf8 40. Qxf8+ Rxf8
41. Nxg7 Bf3 0-1

[Event "Titled Tue 10th Jun Late"]
[Site "chess.com INT"]
[Date "2025.06.10"]
[Round "8"]
[White "Brezis, Ari"]
[Black "Gattani, Sarthak"]
[Result "1-0"]
[WhiteTitle "CM"]
[WhiteElo "2179"]
[BlackElo "1944"]
[WhiteFideId "2858541"]
[BlackFideId "30995965"]
[EventDate "2025.06.10"]

1. d4 d5 2. Nf3 Nf6 3. Bf4 c5 4. e3 Nc6 5. Nbd2 cxd4 6. exd4 Bf5 7. c3 e6 8. Be2
Bd6 9. Bxd6 Qxd6 10. O-O O-O 11. Re1 h6 12. Nf1 a6 13. Ne3 Bh7 14. Bd3 Bxd3 15.
Qxd3 b5 16. a3 Rab8 17. h3 a5 18. Ng4 Nxg4 19. hxg4 Rfc8 20. g5 h5 21. g6 f6 22.
Nh4 Qf4 23. g3 Qg4 24. Kg2 e5 25. f3 Qd7 26. Rh1 Re8 27. Rae1 e4 28. fxe4 dxe4
29. Qe2 Qg4 30. Qxg4 hxg4 31. Nf5 Ne7 32. Nxe7+ Rxe7 33. Rh4 Ree8 34. Rxg4 f5
35. Rg5 b4 36. axb4 axb4 37. Rxf5 bxc3 38. bxc3 Rb2+ 39. Rf2 Rb6 40. Rf4 e3 41.
Rf3 e2 42. Rf2 Rxg6 43. Rfxe2 Rxe2+ 44. Rxe2 Rc6 45. Rc2 Kf7 46. Kf3 Rc4 47. Ke4
Ke6 48. Kd3 Kd5 49. Re2 Rc8 50. Re5+ Kd6 51. c4 Rf8 52. c5+ Kd7 53. Rg5 Rf7 54.
Kc4 Ke6 55. d5+ Kf6 56. Rg4 Re7 57. c6 Ke5 58. Rg5+ Kd6 59. Rg6+ Ke5 60. Kc5 Ra7
61. Re6+ Kf5 62. Kd6 Ra1 63. c7 Ra6+ 64. Kd7 Ra7 65. Re7 Kf6 66. d6 Ra8 67. Re8
Rc8 68. Kxc8 g5 69. Kd7 g4 70. c8=Q Kg7 71. Qc3+ 1-0

[Event "Titled Tue 10th Jun Late"]
[Site "chess.com INT"]
[Date "2025.06.10"]
[Round "8"]
[White "Terron Elena, Francisco M."]
[Black "Wu, Rochelle"]
[Result "0-1"]
[WhiteTitle "FM"]
[BlackTitle "FM"]
[WhiteElo "2148"]
[BlackElo "2211"]
[WhiteFideId "2210576"]
[BlackFideId "30908132"]
[EventDate "2025.06.10"]

1. e4 c5 2. Nf3 d6 3. d4 cxd4 4. Nxd4 Nf6 5. Nc3 Nc6 6. Be2 e5 7. Nb3 a6 8. a4
Be6 9. O-O Be7 10. f4 exf4 11. Bxf4 O-O 12. a5 Bxb3 13. cxb3 Nxa5 14. Bf3 Qb6+
15. Kh1 Nxb3 16. Ra3 Nc5 17. Qe2 Rfe8 18. Rd1 Rac8 19. Na4 Nxa4 20. Rxa4 Nd7 21.
Rad4 Ne5 22. h3 Nxf3 23. Qxf3 Rc6 24. b3 h6 25. Qg3 Bf6 26. Rxd6 Rxe4 27. Bxh6
Rxd6 28. Rxd6 Re1+ 29. Qxe1 Qxd6 30. Qe8+ Qf8 31. Qxf8+ Kxf8 32. Be3 Ke7 33. g4
Ke6 34. Kg2 Kd5 35. Kf3 Bd4 36. Bd2 b5 37. h4 Bb6 38. h5 f6 39. Bb4 Bc5 40. Bc3
Ke6 41. Ke4 Bd6 42. Ba5 Be5 43. Bb4 Bb2 44. Bf8 Kf7 45. Bb4 g6 46. h6 Kg8 47.
Kd5 Kh7 48. Kc6 Kxh6 49. Kb6 Kg5 50. Kxa6 Kxg4 51. Kxb5 f5 52. Kc4 f4 53. Bc5 f3
54. b4 Ba3 55. Be3 Kh3 56. b5 Bd6 57. Kd5 Bb8 58. Kc6 Kg2 59. b6 f2 60. Bxf2
Kxf2 0-1

[Event "Titled Tue 10th Jun Late"]
[Site "chess.com INT"]
[Date "2025.06.10"]
[Round "8"]
[White "Chen, Yidong"]
[Black "Annaberdiyev, Meylis"]
[Result "1/2-1/2"]
[BlackTitle "GM"]
[WhiteElo "2074"]
[BlackElo "2436"]
[WhiteFideId "8607028"]
[BlackFideId "14000563"]
[EventDate "2025.06.10"]

1. e4 c5 2. Nf3 Nc6 3. Bb5 Nf6 4. Nc3 Qc7 5. Bxc6 dxc6 6. e5 Nd5 7. h3 Bf5 8.
O-O h6 9. Re1 e6 10. Ne2 g5 11. Ng3 Bg6 12. d3 Be7 13. a3 O-O-O 14. Qe2 Rhg8 15.
Bd2 b6 16. Reb1 c4 17. dxc4 Nf4 18. Bxf4 gxf4 19. Nf1 Bh5 20. Re1 Rg7 21. Qe4
Rdg8 22. g3 fxg3 23. fxg3 f5 24. Qf4 c5 25. Rad1 Qc6 26. Rd3 a5 27. Kh2 a4 28.
Red1 Bg5 29. Nxg5 Bxd1 30. Nxe6 Qxe6 31. Rxd1 Rd7 32. Rxd7 Qxd7 33. Qxh6 Kb7 34.
Qf4 Ka6 35. h4 Rg4 36. Qd2 Rd4 37. Qe2 f4 38. e6 fxg3+ 39. Nxg3 Qd6 40. Kh3 Rd2
41. Qe3 Rd4 42. e7 Qd7+ 43. Kh2 Rd2+ 44. Kg1 Rd1+ 45. Kh2 Rd2+ 46. Kg1 Rd1+ 47.
Kh2 Rd2+ 1/2-1/2

[Event "Titled Tue 10th Jun Late"]
[Site "chess.com INT"]
[Date "2025.06.10"]
[Round "8"]
[White "Vazelakis, Dimitrios"]
[Black "Escareno Rojas, Angel Salvador"]
[Result "0-1"]
[WhiteElo "1857"]
[BlackElo "1965"]
[WhiteFideId "4203674"]
[BlackFideId "5107733"]
[EventDate "2025.06.10"]

1. d4 Nf6 2. Nf3 e6 3. g3 d5 4. Bg2 c5 5. O-O Nbd7 6. c4 dxc4 7. Qa4 a6 8. Qxc4
b5 9. Qc2 Bb7 10. Rd1 Rc8 11. Bg5 cxd4 12. Qd2 e5 13. e3 dxe3 14. Qxe3 Bc5 15.
Qd2 O-O 16. Bxf6 Nxf6 17. Nxe5 Bxg2 18. Kxg2 Ne4 19. Qxd8 Rfxd8 20. Nd3 Ba7 21.
Nc3 Nxc3 22. bxc3 Rxc3 23. Nb4 Re8 24. Re1 Rec8 25. Nxa6 Rc2 26. Rf1 R8c4 27.
Rad1 g6 28. Rd7 Bb6 29. Rb7 Bd4 30. Rxb5 Rxa2 31. Nc7 Rxc7 32. Rd5 Ba7 33. Rd8+
Kg7 34. h4 Rcc2 35. h5 Rxf2+ 36. Kh3 Rh2+ 37. Kg4 gxh5+ 38. Kg5 Ra5+ 39. Kf4
Ra4+ 40. Kg5 Rg4+ 41. Kf5 Rxg3 42. Rd7 Bf2 43. Ke4 Rh4+ 44. Ke5 Re3+ 45. Kd5
Rd3+ 46. Kc6 Rc4+ 47. Kb5 Rc5+ 48. Kb4 Rxd7 49. Rxf2 Rg5 50. Kc4 Rg4+ 51. Kc5 h4
52. Kc6 Re7 53. Kd6 Re6+ 54. Kd5 Rf6 55. Ke5 Rxf2 0-1

[Event "Titled Tue 10th Jun Late"]
[Site "chess.com INT"]
[Date "2025.06.10"]
[Round "8"]
[White "Karthi, Jashith"]
[Black "Yazici, Ugur Doga"]
[Result "1-0"]
[WhiteTitle "CM"]
[BlackTitle "CM"]
[WhiteElo "2111"]
[BlackElo "2161"]
[WhiteFideId "30983029"]
[BlackFideId "6363342"]
[EventDate "2025.06.10"]

1. d4 Nf6 2. c4 e6 3. Nf3 Bb4+ 4. Nbd2 d5 5. cxd5 exd5 6. a3 Bd6 7. e3 Kf8 8.
Bd3 c6 9. O-O g6 10. b4 Kg7 11. Bb2 Bg4 12. e4 Bf4 13. e5 Ne8 14. h3 h5 15. Be2
Nc7 16. Nh2 Bxe2 17. Qxe2 Ne6 18. g3 Bh6 19. h4 g5 20. hxg5 Qxg5 21. Ndf3 Nf4
22. Qc2 Qg6 23. Qxg6+ Nxg6 24. Bc1 a5 25. Bxh6+ Kxh6 26. Nd2 axb4 27. axb4 Na6
28. Rab1 Nc7 29. f4 Ra2 30. Rf2 Nb5 31. f5 Ne7 32. f6 Ng6 33. Nb3 Rha8 34. Rbb2
Rxb2 35. Rxb2 Kg5 36. Nf3+ Kf5 37. Na5 b6 38. Nxc6 Ra1+ 39. Kg2 h4 40. Ne7+ Ke6
41. Nxg6 fxg6 42. Ng5+ Kd7 43. f7 Ra8 44. Rf2 Ke7 45. gxh4 Nxd4 46. Nh7 1-0

[Event "Titled Tue 10th Jun Late"]
[Site "chess.com INT"]
[Date "2025.06.10"]
[Round "8"]
[White "Jimenez Salas, Maria Teresa"]
[Black "Hofstadler, Mario"]
[Result "0-1"]
[WhiteTitle "WIM"]
[BlackTitle "CM"]
[WhiteElo "2170"]
[BlackElo "2172"]
[WhiteFideId "3843866"]
[BlackFideId "1660497"]
[EventDate "2025.06.10"]

1. e4 g6 2. d4 Bg7 3. Nc3 d6 4. f4 c6 5. Nf3 Bg4 6. Be3 b5 7. Bd3 b4 8. Ne2 Nd7
9. O-O Ngf6 10. h3 Bxf3 11. Rxf3 O-O 12. f5 c5 13. dxc5 Nxc5 14. Ng3 Nfd7 15.
Rb1 Rc8 16. fxg6 hxg6 17. Bc4 Ne5 18. Bxc5 Rxc5 19. Bb3 Nxf3+ 20. Qxf3 Qb6 21.
Kh1 e6 22. Ne2 a5 23. Nf4 Re5 24. Nd3 Rh5 25. Nf4 Re5 26. Nd3 Rb5 27. Nf4 Qd4
28. Rf1 Re5 29. Re1 d5 30. Qd3 Rxe4 31. Rxe4 Qxe4 32. Qxe4 dxe4 33. Kg1 Bxb2 34.
Kf2 Bd4+ 35. Ke2 Ra8 36. g4 a4 37. Bc4 Rc8 38. Bb5 Rxc2+ 39. Kd1 Rxa2 40. Bc4 b3
41. Ne2 Be5 42. h4 Ra1+ 43. Kd2 b2 44. Ke3 b1=Q 45. h5 Qb3+ 46. Bxb3 axb3 47.
hxg6 fxg6 48. Kxe4 b2 49. Kxe5 b1=Q 50. Nf4 Qb8+ 51. Kxe6 Qxf4 52. g5 Re1+ 53.
Kd7 Qd2+ 0-1

[Event "Titled Tue 10th Jun Late"]
[Site "chess.com INT"]
[Date "2025.06.10"]
[Round "8"]
[White "Buchenau, Frank"]
[Black "Yanev, Tihomir"]
[Result "0-1"]
[WhiteTitle "FM"]
[BlackTitle "IM"]
[WhiteElo "2205"]
[BlackElo "2354"]
[WhiteFideId "4604350"]
[BlackFideId "2910110"]
[EventDate "2025.06.10"]

1. e4 e6 2. d4 b6 3. Bd3 Bb7 4. Nf3 Nf6 5. Qe2 d5 6. e5 Nfd7 7. c3 c5 8. O-O Nc6
9. a3 Be7 10. b4 Qc7 11. Re1 O-O-O 12. Nbd2 g5 13. h3 h5 14. Bb2 Rdg8 15. Nf1 g4
16. hxg4 hxg4 17. N3h2 f6 18. b5 Nd8 19. exf6 Nxf6 20. g3 Bd6 21. Ne3 Qg7 22. a4
Qh6 23. Nef1 Ne4 24. Bc1 Qh3 25. Bxe4 dxe4 26. Be3 cxd4 27. cxd4 Kb8 28. a5 Nf7
29. axb6 axb6 30. Ra6 Ng5 31. Bxg5 e3 32. fxe3 Rxg5 33. Rxb6 Bxg3 34. Rc1 Bxh2+
35. Qxh2+ g3 36. Qxh3 Rxh3 37. Rxb7+ Kxb7 38. Rc5 Rxc5 39. dxc5 Rh5 40. Nxg3
Rxc5 41. Ne4 Re5 42. Nd6+ Kc7 43. Nc4 Rxb5 44. Kf2 Rb4 45. Ne5 Kd6 46. Nd3 Ra4
47. Kf3 Kd5 48. Nf4+ Ke5 49. Nd3+ Kf5 50. Nf4 e5 51. Nd5 e4+ 52. Kg3 Ra3 53. Kf2
Ra2+ 54. Kg3 Re2 55. Ne7+ Ke5 0-1

[Event "Titled Tue 10th Jun Late"]
[Site "chess.com INT"]
[Date "2025.06.10"]
[Round "8"]
[White "Estrada Nieto, Julian"]
[Black "Anhwere, Bernard"]
[Result "1-0"]
[WhiteTitle "IM"]
[BlackTitle "CM"]
[WhiteElo "2181"]
[BlackElo "1906"]
[WhiteFideId "5101018"]
[BlackFideId "12600580"]
[EventDate "2025.06.10"]

1. e4 c5 2. Nf3 d6 3. Bb5+ Bd7 4. Bxd7+ Nxd7 5. O-O Ngf6 6. Qe2 g6 7. c3 Bg7 8.
d4 cxd4 9. cxd4 O-O 10. Nc3 a6 11. e5 dxe5 12. dxe5 Ng4 13. e6 Nde5 14. Rd1 Qc7
15. Nxe5 Nxe5 16. Nd5 Qa5 17. b4 Qa4 18. Bb2 Nc6 19. Bxg7 Kxg7 20. Qb2+ Kg8 21.
Nb6 Qxb4 22. Qxb4 Nxb4 23. Nxa8 Rxa8 24. Rab1 a5 25. a3 Nc2 26. Rxb7 fxe6 27.
Rxe7 Nxa3 28. Rdd7 Rc8 29. h4 Nc4 30. Rg7+ Kh8 31. Rxh7+ Kg8 32. Rdg7+ Kf8 33.
Ra7 Kg8 34. Kh2 Ne5 35. f3 a4 36. Rhg7+ Kh8 37. Rgb7 Nc6 38. Rxa4 Nd8 39. Re7
Nc6 40. Rxe6 Kg7 41. Ra6 Nd4 42. Rxg6+ Kh7 43. Rh6+ Kg7 44. h5 Nf5 45. Rhg6+ Kh7
46. Rgf6 Ng7 47. Ra7 Kg8 48. Rg6 Kh8 49. Rgxg7 Rc2 50. Rgc7 1-0

[Event "Titled Tue 10th Jun Late"]
[Site "chess.com INT"]
[Date "2025.06.10"]
[Round "8"]
[White "Liu, Jason"]
[Black "Zieba, Hubert"]
[Result "1-0"]
[WhiteTitle "CM"]
[BlackTitle "CM"]
[WhiteElo "2125"]
[BlackElo "2233"]
[WhiteFideId "2514656"]
[BlackFideId "21844704"]
[EventDate "2025.06.10"]

1. d4 d5 2. Bf4 c5 3. e3 Nc6 4. Nf3 cxd4 5. exd4 Bf5 6. c3 e6 7. Bd3 Bxd3 8.
Qxd3 Bd6 9. Ne5 Bxe5 10. dxe5 Nge7 11. Bg3 Ng6 12. f4 Nge7 13. Nd2 Nf5 14. Bf2
h5 15. Nf3 Qe7 16. O-O-O Rc8 17. Kb1 a6 18. h3 b5 19. g4 Nh6 20. Bh4 Qc7 21. Bg5
b4 22. c4 dxc4 23. Qxc4 a5 24. Rc1 Qb7 25. Qc5 Ng8 26. Nd4 Nce7 27. Qxa5 hxg4
28. Nb5 Kf8 29. Nd6 Rxc1+ 30. Rxc1 Qb8 31. Rc8+ Qxc8 32. Nxc8 f6 33. Nxe7 Kxe7
34. Qc7+ Kf8 35. hxg4 fxg5 36. fxg5 Rh1+ 37. Kc2 Rh4 38. Qb8+ Kf7 39. Qxb4 Ne7
40. a4 Rh2+ 41. Kb3 Rh3+ 42. Ka2 Rd3 43. a5 Rd7 44. Qb5 Rd5 45. Qb6 Rxe5 46. a6
Kg6 47. a7 Nc8 48. Qb7 Ra5+ 49. Kb1 Nxa7 50. Qb6 Ra4 51. Qxe6+ Kxg5 52. Qf5+ Kh4
53. Qh5+ Kg3 54. g5 Rh4 55. Qg6 Nb5 56. Qd3+ Kf2 57. Qxb5 1-0

[Event "Titled Tue 10th Jun Late"]
[Site "chess.com INT"]
[Date "2025.06.10"]
[Round "8"]
[White "Sakmak, Kutay"]
[Black "Rabin, Evan"]
[Result "1/2-1/2"]
[WhiteTitle "CM"]
[WhiteElo "2158"]
[BlackElo "1945"]
[WhiteFideId "44581939"]
[BlackFideId "2028670"]
[EventDate "2025.06.10"]

1. e4 Nf6 2. e5 Nd5 3. d4 d6 4. Nf3 dxe5 5. Nxe5 g6 6. Bc4 c6 7. Qf3 Be6 8. O-O
Bg7 9. c3 Nd7 10. Nd3 O-O 11. Bb3 Bf5 12. Re1 e5 13. Nxe5 Nxe5 14. dxe5 Re8 15.
Bf4 Nxf4 16. Qxf4 Qc7 17. Nd2 Bxe5 18. Qh4 Kg7 19. Nf3 Bf6 20. Qa4 a6 21. Nd4
Bd7 22. Nf3 Rxe1+ 23. Rxe1 Re8 24. Rd1 Rd8 25. h3 Be8 26. Re1 Bd7 27. Qc4 Be6
28. Qe2 Re8 29. Qf1 Bd7 30. Rd1 Bf5 31. Qc4 Be6 32. Qf1 Bf5 33. Nd4 Bxd4 34.
cxd4 Rd8 35. Qe1 Qd6 36. d5 c5 37. Qc3+ Kg8 38. a4 b5 39. axb5 axb5 40. Qa5 c4
41. Ba2 Bd3 42. b3 Qxd5 43. bxc4 bxc4 44. Qc3 Qd4 45. Qxd4 Rxd4 46. Bb1 Kg7 47.
Bxd3 cxd3 48. f3 Kf6 49. Kf2 Kf5 50. Ke3 Rd8 51. g3 d2 52. Rxd2 Rxd2 53. Kxd2
Ke5 54. Ke3 f5 55. f4+ Kd5 56. Kd3 h6 57. Ke3 Kc4 58. g4 Kd5 59. g5 h5 60. Kf3
Kd4 61. Kf2 Ke4 62. Kg3 Ke3 63. Kh4 Ke4 64. Kg3 h4+ 65. Kxh4 Kxf4 1/2-1/2

[Event "Titled Tue 10th Jun Late"]
[Site "chess.com INT"]
[Date "2025.06.10"]
[Round "8"]
[White "Donoso Aguirre, Maximiliano"]
[Black "Ferraz, Michel Liah"]
[Result "0-1"]
[WhiteTitle "CM"]
[WhiteElo "2050"]
[BlackElo "2007"]
[WhiteFideId "3458920"]
[BlackFideId "22743219"]
[EventDate "2025.06.10"]

1. e4 c5 2. c3 d5 3. exd5 Nf6 4. Bb5+ Bd7 5. Be2 Nxd5 6. Nf3 e6 7. d4 Nc6 8. O-O
cxd4 9. Nxd4 Bd6 10. Nf5 exf5 11. Qxd5 Be6 12. Qb5 Qc7 13. h3 O-O 14. Be3 Ne5
15. Nd2 Rfd8 16. Nf3 Nc4 17. Bxc4 Bxc4 18. Qxf5 Bd3 19. Qg4 Bxf1 20. Rxf1 Rd7
21. Bd4 Bf8 22. Re1 Re7 23. Re3 Rae8 24. Ng5 Rxe3 25. fxe3 Qc6 26. Qf5 Qg6 27.
Qd7 Re7 28. Qd5 h6 29. Nf3 Qb1+ 30. Kh2 Qe4 31. Qxe4 Rxe4 32. Ne5 Bd6 33. Kg3
Bxe5+ 34. Kf3 Rxd4 35. exd4 Bc7 36. Ke4 Kf8 37. c4 Ke7 38. d5 Kd6 39. b4 b6 40.
Kd4 g6 41. c5+ Kd7 42. Kc4 a6 43. a4 Bg3 44. b5 axb5+ 45. Kxb5 bxc5 46. a5 Bf2
47. a6 c4 48. Kxc4 Kd6 49. g4 Ba7 0-1